000 00840nam a22002417a 4500
003 dpl
005 20180705171936.0
008 180613b xxu||||| |||| 00| 0 eng d
010 _aB-132447
020 _c00.00
_a0070590443
035 _aB-132447, B-132466, B-132451
037 _bCen Lib/Ret
040 _aDPL
_bEN
_c0
082 _a658.4
_bCAR
100 _aCaroselli, Marlene
_937925
245 _aThe big book of meeting games :
_cby Marlene Caroselli
_b75 quick, fun activities for learning creative, energetic, productive meetings /
260 _aNew Delhi
_bTata Mcgraw hill publishing company
_c2002
270 _bNew Delhi
_a7 West patel nagar
_e110008
300 _axvi,236p.
_c23cm(pbk)
650 _aBusiness -- meetings
_972600
650 _aBusiness meetings
_972601
942 _2ddc
_cEN
_h658.4
_mCAR
999 _c133429
_d133429